000 00302nam a2200121 i 4500
001 bg
245 0 _aOrganizacja Układu Warszawskiego 1955-1975 :
_bdokumenty i materiały.
260 _aWarszawa,
_c1975.
040 _cBPK
041 _apol
942 _cKS
008 s pl f |000 0 pol
999 _c27471
_d27471
856 _uhttp://koha.tu.koszalin.pl/cgi-bin/koha/opac-detail.pl?biblionumber=27471
_yKatalog online BPK